Vers une économie proportionelle salaire, impôt, monnaie
Gespeichert in:
| 1. Verfasser: | |
|---|---|
| Format: | Buch |
| Sprache: | Französisch |
| Veröffentlicht: |
Paris
Sirey
1947
|
| Tags: |
Keine Tags, Fügen Sie das erste Tag hinzu!
|
MARC
| LEADER | 00000nam a2200000 4500 | ||
|---|---|---|---|
| 001 | c126690 | ||
| 005 | 20041019155238.7 | ||
| 041 | 0 | |a fre | |
| 044 | |a FR | ||
| 245 | 1 | 0 | |a Vers une économie proportionelle |b salaire, impôt, monnaie |c Eugéne Schueller |
| 264 | 1 | |a Paris |b Sirey |c 1947 | |
| 300 | |a 222 s. | ||
| 100 | 1 | |a Schueller, Eugéne | |